Ži čestne - staň sa bohatým!

Bibliographic Details
Main Author: Lejeune, Erich J. (Author)
Other Authors: Kožiaková, Mariana (Translator)
Format: Book
Language:Slovak
PhysicalDescription:444 s. 22 cm
Published: Bratislava Slovo c1998
ISBN:8085711362
Subjects:

MARC

LEADER 00000nam a2200000 a 4500
001 vtls001422536
003 SK-MaSNL
005 20260301012907.0
008 240318s1998 xo r slo
015 |a SNBA2002/04-01562 
020 |a 8085711362 
035 |a SNK000377402 
035 |a urn:nbn:sk:snk-amknjo 
035 |a urn:nbn:sk:snk-am008ith 
035 |a A563D625-37A1-47C1-B8E6-81C41B481BCD 
040 |a SNK  |b slo  |c SNK  |e AACR2 
041 0 |a slo 
044 |a xo  |c SK 
080 |a 159.922/.923  |2 1981 
100 1 |a Lejeune, Erich J.  |4 aut  |9 298515 
240 1 0 |a Lebe ehrlich - werde reich!  |l Slovensky 
245 1 0 |a Ži čestne - staň sa bohatým!  |c Erich J. Lejeune ; [z nemeckého originálu preložila Mariana Kožiaková] 
260 |a Bratislava  |b Slovo  |c c1998 
300 |a 444 s.  |c 22 cm 
500 |a Údaj o prekl. prevzatý z rubu tit. strany 
504 |a Reg. 
650 0 7 |a rozvoj osobnosti  |2 SNKPH  |9 63298 
650 0 7 |a pozitívne myslenie  |2 SNKPH  |9 4009 
655 7 |a príručky  |2 SNKPH  |9 74364 
700 1 |a Kožiaková, Mariana  |4 trl  |9 65638 
919 |a 80-85711-36-2 
958 |a TL 
958 |a OP 
958 |a NS 
958 |a DE 
968 |b DT 
999 |c 554648  |d 556578 
952 |t P60, <03>, [BOOK], {603}  |a SNK  |b SNK  |y PREZ  |7 0  |p 17A0325621  |o snkSC 107094  |i snkKSP 1124/2002  |0 0  |1 0  |4 0  |d 2002-01-25  |f 1  |l 0  |r 2025-09-26 00:00:00  |w 2026-02-23 
952 |a SNK  |b SNK  |y VYP  |7 0  |p 17A1126194  |o snkSC 107094 D1  |i snk2018/21225  |8 7  |0 0  |1 0  |4 0  |d 2018-10-17  |l 0  |r 2026-02-23 13:21:26  |w 2026-02-23